000 00667nam a2200229Ia 4500
003 OSt
005 20220918180720.0
006 a|||||r|||| 00| 0
007 ta
008 220917b |||||||| |||| 00| 0 eng d
024 _a23,680
037 _cTextual
040 _aARTS
_cARTS
_beng
041 _2eng
_aeng
082 _aO111:gxJ54, A, K5 (EO)
100 _aSidney Philip
_950557
245 0 _aApology for poetry or the defence of poesy ed by Geoffrey Shepherd
260 _aLondon
_bNelson and Sons
_c1965
650 _aENGLISH LITERATURE
942 _hO111:gxJ54, A, K5 (EO)
_cTEXL
_2CC
999 _c162726
_d162726